000 00344nam a2200133Ia 4500
008 240624s9999 xx 000 0 und d
041 _aeng
082 _a338 LIV
100 _aLIVINGSTON JESSICA
245 _aFOUNDERS AT WORK STORIES OF STARTUPS EAR
260 _c2008
_aUSA
_bApress
300 _axiv, : 456 : p. : cm. ; 24
365 _cRS
_b30
999 _c12731
_d12731